| 000 | 00810cam a22002657a 4500 | ||
|---|---|---|---|
| 003 | CHAP | ||
| 005 | 20220329140602.0 | ||
| 008 | 971013c19651946 r 00010 d | ||
| 010 | _a54325 | ||
| 011 | _a55297 | ||
| 035 | _a59449 | ||
| 040 | _cCHAP | ||
| 082 |
_a635.933216 _bW5 1965 |
||
| 100 | 0 | 0 |
_aWilson, Helen Van Pelt. _9122200 |
| 245 | 1 | 4 |
_aThe Joy of geraniums _b: the standard guide to the selection, culture, and use of the pelargonium |
| 250 | _a4 ed. | ||
| 260 |
_aNew York : _bBarrows, _c1965(c.1946) |
||
| 300 |
_a634 p. _b: ilus. |
||
| 590 |
_aBATCH-UPD _b10 _c20130110 _lUCH01 _h2312 |
||
| 590 |
_aCONVERSION _b10 _c20130109 _lUCH01 _h1329 |
||
| 650 | 1 | 4 |
_aGeranios. _947691 |
| 901 | _aBK | ||
| 942 | _cLIBRO | ||
| 949 |
_a635.933216 W5 1965 _bBC _cLIBRO _d33724000254496 _eLIBRO _h65129 _i59449 _si |
||
| 999 |
_c54325 _d54325 |
||